Public administration in France / (Record no. 5437)
[ view plain ]
| 000 -LEADER | |
|---|---|
| fixed length control field | 00738cam a22002411i 4500 |
| 001 - CONTROL NUMBER | |
| JCCL Control Number | 5437 |
| 003 - CONTROL NUMBER IDENTIFIER | |
| JCCL marc code | BD-JhCC |
| 005 - DATE AND TIME OF LATEST TRANSACTION | |
| control field | 20180303123506.0 |
| 008 - FIXED-LENGTH DATA ELEMENTS--GENERAL INFORMATION | |
| fixed length control field | 851211s1964 enk 00000 eng d |
| 035 ## - SYSTEM CONTROL NUMBER | |
| system control number | (BD-JhCC)5437 |
| 040 ## - CATALOGING SOURCE | |
| Original cataloging agency | ANL |
| Modifying agency | ANL |
| 041 ## - LANGUAGE CODE | |
| Language code of Book | eng |
| 050 00 - LIBRARY OF CONGRESS CALL NUMBER | |
| Classification number | JN2728 |
| Item number | .R5 |
| 082 ## - DEWEY DECIMAL CLASSIFICATION NUMBER | |
| Classification number | 354.44 |
| Author mark and Year | RID 1964 |
| 099 ## - LOCAL FREE-TEXT CALL NUMBER | |
| Classification number | RID 1964 |
| 100 1# - MAIN ENTRY--PERSONAL NAME | |
| Personal name | Ridley, F. F. |
| Fuller form of name | (Frederick F.) |
| 245 10 - TITLE STATEMENT | |
| Title | Public administration in France / |
| Statement of responsibility, etc | by F. Ridley and J. Blondel ; with an introduction by Peter Campbell. |
| 260 ## - PUBLICATION, DISTRIBUTION, ETC. (IMPRINT) | |
| Place of publication, distribution, etc | London : |
| Name of publisher, distributor, etc | Routledge & Kegan Paul, |
| Date of publication, distribution, etc | 1964. |
| 300 ## - PHYSICAL DESCRIPTION | |
| Pagination | 336 p. : |
| Dimensions | 22 cm. |
| 651 #0 - SUBJECT ADDED ENTRY--GEOGRAPHIC NAME | |
| Geographic name | France |
| General subdivision | Politics and government |
| Chronological subdivision | 1958- |
| 700 1# - ADDED ENTRY--PERSONAL NAME | |
| Personal name | Blondel, Jean, |
| Dates associated with a name | 1929- |
| 942 ## - ADDED ENTRY ELEMENTS (KOHA) | |
| Source of classification or shelving scheme | Dewey Decimal Classification |
| Koha item type | Books |
| Source of classification or shelving scheme | Damaged status | Not for loan | Home library | Current library | Shelving location | Date of accession | Total Checkouts | Full call number | Barcode | Date last seen | Copy number | Koha item type |
|---|---|---|---|---|---|---|---|---|---|---|---|---|
| Dewey Decimal Classification | JCC Rouf Library | JCC Rouf Library | General Stacks | 12/14/2017 | 354.44 RID 1964 | 7523 | 12/14/2017 | C-1 | Books |